000 01094cam a2200277 4500
001 WB3616-39
008 000000n2000 000 0 eng u
035 _a(Sirsi) u105568
245 _aExposing landlords from hell
260 _c2000
490 _aGuardian
_vJobs and Money 22 April 2000, 14(1)
520 _aDiscusses initiatives to improve the relationship between residential landlords and tenants including the Association of Residential Letting Agents database of poor landlords and tenants, a move to add letting disputes to the remit of the Estate Agents Ombudsman and the launch of the Tenancy Deposit Scheme by the Independent Housing Ombudsman.
590 _aWB
650 _aASSOCIATION OF RESIDENTIAL LETTING AGENTS
650 _aLANDLORDS
650 _aTENANTS
650 _aDATABASE
650 _aREFERENCING
650 _aESTATE AGENTS OMBUDSMAN
650 _aTENANCY DEPOSIT SCHEME (TDS)
650 _aINDEPENDENT HOUSING OMBUDSMAN
650 _aDISPUTE RESOLUTION
_96236
650 _aMEDIATION
690 _aHOUSING-PRIVATE RENTED SECTOR
942 _n0
999 _c63254
_d63254